| 000 | 00380nam a2200157Ia 4500 | ||
|---|---|---|---|
| 003 | OSt | ||
| 005 | 20231107170235.0 | ||
| 008 | 230331s9999 xx 000 0 und d | ||
| 020 | _a9789351950615 | ||
| 082 |
_a338.761 _bBHAP |
||
| 100 | _aBHANVER, Jagmohan S. | ||
| 245 | 0 | _aPichai: the future of google | |
| 260 |
_aDelhi _bFourth Estate _c2016 |
||
| 300 | _a164 | ||
| 942 |
_cBK _2ddc |
||
| 999 |
_c1357 _d1357 |
||